[Event "Remote 4 Seasons Winter-B email"]
[Site "Remote email"]
[Date "2014.01.15"]
[Round "?"]
[White "Peschen, Rainer"]
[Black "Traut, Gerhard"]
[Result "1/2-1/2"]
[WhiteElo "2221"]
[BlackElo "2294"]
[PlyCount "57"]
[EventDate "2014.??.??"]
[EventType "tourn (corr)"]
[EventRounds "13"]
[EventCountry "GER"]
[SourceTitle "Corr 2015"]
[Source "ChessBase"]
[SourceDate "2015.07.17"]
[SourceVersion "1"]
[SourceVersionDate "2015.07.17"]
[SourceQuality "1"]

1. d4 d5 2. e4 dxe4 3. Nc3 c6 4. Nxe4 Bf5 5. Ng3 Bg6 6. h4 h6 7. Nf3 Nd7 8. h5 Bh7 9. Bd3 Bxd3 10. Qxd3 e6 11. Bf4 Qa5+ 12. Bd2 Qc7 13. 0-0-0 Ngf6 14. Ne4 Nxe4 15. Qxe4 Nf6 16. Qe2 0-0-0 17. Kb1 Kb8 18. Ne5 Bd6 19. c4 Rhf8 20. f4 Nd7 21. Rhf1 Be7 22. f5 Nxe5 23. Bf4 Bf6 24. Qe3 Bg5 25. fxe6 Bxf4 26. Qxf4 a5 27. Qxe5 Qxe5 28. dxe5 Rxd1+ 29. Rxd1 1/2-1/2

[Event "Remote 4 Seasons Winter-B email"]
[Site "Remote email"]
[Date "2014.01.15"]
[Round "?"]
[White "Teske, Heike"]
[Black "Peschen, Rainer"]
[Result "0-1"]
[WhiteElo "2022"]
[BlackElo "1612"]
[PlyCount "42"]
[EventDate "2014.??.??"]
[EventType "tourn (corr)"]
[EventRounds "13"]
[EventCountry "GER"]
[SourceTitle "Corr 2015"]
[Source "ChessBase"]
[SourceDate "2015.07.17"]
[SourceVersion "1"]
[SourceVersionDate "2015.07.17"]
[SourceQuality "1"]

1. d4 d5 2. Nf3 c6 3. Nc3 Nf6 4. e3 Bg4 5. h3 Bh5 6. Bd2 Nbd7 7. Bd3 e5 8. g4 e4 9. gxh5 exd3 10. cxd3 Nxh5 11. e4 Bd6 12. exd5 0-0 13. Ne4 Bf4 14. dxc6 bxc6 15. Qc2 f5 16. Qc4+ Kh8 17. Nc3 Re8+ 18. Kd1 Rb8 19. Kc2 Bxd2 20. Nxd2 Nb6 21. Qxc6 Qxd4 0-1

[Event "Remote S7E Starter-50 email"]
[Site "Remote email"]
[Date "2013.11.27"]
[Round "?"]
[White "Peschen, Rainer"]
[Black "Kahl, Karl Heinz"]
[Result "1/2-1/2"]
[WhiteElo "2221"]
[BlackElo "2129"]
[PlyCount "45"]
[EventDate "2013.??.??"]
[EventType "tourn (corr)"]
[EventRounds "6"]
[EventCountry "GER"]
[SourceTitle "Corr 2015"]
[Source "ChessBase"]
[SourceDate "2015.07.17"]
[SourceVersion "1"]
[SourceVersionDate "2015.07.17"]
[SourceQuality "1"]

1. d4 Nf6 2. f3 d5 3. e4 dxe4 4. Nc3 exf3 5. Nxf3 g6 6. Bc4 Bg7 7. 0-0 0-0 8. Bf4 c6 9. Qd2 Nbd7 10. Rae1 Nb6 11. Bb3 Nbd5 12. Bh6 Bf5 13. Ne5 Nxc3 14. bxc3 e6 15. Qg5 Nd5 16. Qd2 Bxh6 17. Qxh6 Nxc3 18. Rf4 Nd5 19. Rh4 g5 20. Rh5 Qf6 21. Rxg5+ Bg6 22. Qh4 Qf4 23. Rg4 1/2-1/2

[Event "Remote 4er 0236 email"]
[Site "Remote email"]
[Date "2013.11.16"]
[Round "?"]
[White "Peschen, Rainer"]
[Black "Richter, Wolfgang"]
[Result "0-1"]
[WhiteElo "1612"]
[BlackElo "2407"]
[PlyCount "34"]
[EventDate "2013.??.??"]
[EventType "tourn (corr)"]
[EventRounds "6"]
[EventCountry "GER"]
[SourceTitle "Corr 2015"]
[Source "ChessBase"]
[SourceDate "2015.07.17"]
[SourceVersion "1"]
[SourceVersionDate "2015.07.17"]
[SourceQuality "1"]

1. d4 Nf6 2. f3 d5 3. e4 dxe4 4. Nc3 exf3 5. Nxf3 e6 6. Bg5 Be7 7. Bd3 0-0 8. Qe2 Nc6 9. 0-0-0 Nd5 10. Bxe7 Qxe7 11. Qe4 f5 12. Nxd5 Qd6 13. Ne7+ Nxe7 14. Qe2 a6 15. Rhe1 b5 16. g3 Nd5 17. Kb1 Rb8 0-1

[Event "Remote 4er 0236 email"]
[Site "Remote email"]
[Date "2013.11.16"]
[Round "?"]
[White "Peschen, Rainer"]
[Black "Thoma, Otomar"]
[Result "0-1"]
[WhiteElo "1612"]
[BlackElo "2000"]
[PlyCount "40"]
[EventDate "2013.??.??"]
[EventType "tourn (corr)"]
[EventRounds "6"]
[EventCountry "GER"]
[SourceTitle "Corr 2015"]
[Source "ChessBase"]
[SourceDate "2015.07.17"]
[SourceVersion "1"]
[SourceVersionDate "2015.07.17"]
[SourceQuality "1"]

1. d4 Nf6 2. f3 d5 3. e4 dxe4 4. Nc3 exf3 5. Nxf3 Bg4 6. h3 Bxf3 7. Qxf3 c6 8. g4 e6 9. g5 Nd5 10. Bd3 Nxc3 11. bxc3 Bd6 12. 0-0 0-0 13. Qh5 g6 14. Qh6 Qc7 15. Bd2 c5 16. Rae1 c4 17. Be4 Nc6 18. Rb1 e5 19. d5 Ne7 20. Kh2 Rad8 0-1

[Event "Remote S7E Basic-71 email"]
[Site "Remote email"]
[Date "2013.11.10"]
[Round "?"]
[White "Langschmidt, Dirk"]
[Black "Peschen, Rainer"]
[Result "0-1"]
[WhiteElo "1980"]
[BlackElo "2221"]
[PlyCount "46"]
[EventDate "2013.??.??"]
[EventType "tourn (corr)"]
[EventRounds "6"]
[EventCountry "GER"]
[SourceTitle "Corr 2015"]
[Source "ChessBase"]
[SourceDate "2015.07.17"]
[SourceVersion "1"]
[SourceVersionDate "2015.07.17"]
[SourceQuality "1"]

1. e4 e5 2. Nf3 Nc6 3. Bc4 Nf6 4. d3 Be7 5. c3 d5 6. exd5 Nxd5 7. 0-0 0-0 8. Re1 Bg4 9. h3 Bh5 10. g4 Bg6 11. Nxe5 Nxe5 12. Rxe5 Nb6 13. Qf3 Nxc4 14. dxc4 c6 15. b3 f5 16. Ba3 Bxa3 17. Nxa3 Qd6 18. Ra5 fxg4 19. Qxg4 Rxf2 20. Kxf2 Qh2+ 21. Ke3 Re8+ 22. Kf3 Qe2+ 23. Kf4 Qe3# 0-1

[Event "Remote S7E Basic-71 email"]
[Site "Remote email"]
[Date "2013.11.10"]
[Round "?"]
[White "Mueller, Christoph"]
[Black "Peschen, Rainer"]
[Result "0-1"]
[WhiteElo "1816"]
[BlackElo "2221"]
[PlyCount "44"]
[EventDate "2013.??.??"]
[EventType "tourn (corr)"]
[EventRounds "6"]
[EventCountry "GER"]
[SourceTitle "Corr 2015"]
[Source "ChessBase"]
[SourceDate "2015.07.17"]
[SourceVersion "1"]
[SourceVersionDate "2015.07.17"]
[SourceQuality "1"]

1. e4 e5 2. Nf3 Nc6 3. d4 exd4 4. Nxd4 Qh4 5. Nc3 Bb4 6. Be2 Qxe4 7. Ndb5 Bxc3+ 8. Nxc3 Qxg2 9. Bf3 Qg6 10. Bf4 d6 11. Nd5 Kd8 12. Qd2 Bg4 13. Bxg4 Qe4+ 14. Be2 Qxh1+ 15. Bf1 Qe4+ 16. Be3 Nge7 17. 0-0-0 Nxd5 18. Qxd5 Qxd5 19. Rxd5 a6 20. a3 Re8 21. Kd2 g6 22. Bh3 f5 0-1

[Event "Remote S7E Starter-49 email"]
[Site "Remote email"]
[Date "2013.11.09"]
[Round "?"]
[White "Hauswald, Frank"]
[Black "Peschen, Rainer"]
[Result "1-0"]
[WhiteElo "2065"]
[BlackElo "1612"]
[PlyCount "57"]
[EventDate "2013.??.??"]
[EventType "tourn (corr)"]
[EventRounds "6"]
[EventCountry "GER"]
[SourceTitle "Corr 2015"]
[Source "ChessBase"]
[SourceDate "2015.07.17"]
[SourceVersion "1"]
[SourceVersionDate "2015.07.17"]
[SourceQuality "1"]

1. d4 f5 2. g3 Nf6 3. Bg2 g6 4. c4 Bg7 5. Nf3 0-0 6. Nc3 d6 7. 0-0 Qe8 8. d5 Na6 9. Rb1 Nh5 10. Nd4 f4 11. e3 Bxd4 12. exd4 Bf5 13. Ra1 Bd7 14. g4 Ng7 15. Re1 Qf7 16. Re4 g5 17. Qf3 h5 18. gxh5 Nxh5 19. Re1 Nb4 20. Qd1 f3 21. Bf1 Qh7 22. Ne4 Nf4 23. a3 Na6 24. Nxg5 Qg6 25. h4 Qh5 26. Bxf4 Rxf4 27. Bg2 Raf8 28. Re3 Bg4 29. Bf1 1-0

[Event "Remote TT Blackmar-Diemer-5/1 email"]
[Site "Remote email"]
[Date "2013.11.01"]
[Round "?"]
[White "Leisebein, Peter"]
[Black "Peschen, Rainer"]
[Result "1-0"]
[WhiteElo "2453"]
[BlackElo "2221"]
[PlyCount "59"]
[EventDate "2013.??.??"]
[EventType "tourn (corr)"]
[EventRounds "8"]
[EventCountry "GER"]
[SourceTitle "Corr 2015"]
[Source "ChessBase"]
[SourceDate "2015.07.17"]
[SourceVersion "1"]
[SourceVersionDate "2015.07.17"]
[SourceQuality "1"]

1. d4 d5 2. e4 dxe4 3. Nc3 Nf6 4. f3 exf3 5. Nxf3 a6 6. Bg5 h6 7. Bh4 Bg4 8. h3 Be6 9. Qd2 Qd6 10. 0-0-0 Nbd7 11. d5 Bf5 12. Qe1 0-0-0 13. Bg3 Qc5 14. Bf2 Qd6 15. Nd4 Bg6 16. Bg3 Qc5 17. Nb3 Qb6 18. Na4 Qa7 19. Bh2 Nb6 20. Bg1 Nfxd5 21. Bc4 e6 22. Bxd5 exd5 23. Nxb6+ cxb6 24. Bh2 a5 25. Qc3+ Bc5 26. Rhe1 Rd7 27. a4 Rhd8 28. Nd4 Qa6 29. Nb5 d4 30. Qg3 1-0

[Event "Remote TT Blackmar-Diemer-5/1 email"]
[Site "Remote email"]
[Date "2013.11.01"]
[Round "?"]
[White "Peschen, Rainer"]
[Black "Eckhardt, Andreas"]
[Result "1-0"]
[WhiteElo "2221"]
[BlackElo "2012"]
[PlyCount "55"]
[EventDate "2013.??.??"]
[EventType "tourn (corr)"]
[EventRounds "8"]
[EventCountry "GER"]
[SourceTitle "Corr 2015"]
[Source "ChessBase"]
[SourceDate "2015.07.17"]
[SourceVersion "1"]
[SourceVersionDate "2015.07.17"]
[SourceQuality "1"]

1. d4 d5 2. e4 dxe4 3. Nc3 Nf6 4. f3 exf3 5. Nxf3 Bg4 6. h3 Bxf3 7. Qxf3 c6 8. Be3 e6 9. Bd3 Nbd7 10. 0-0 Be7 11. Rf2 Nb6 12. Raf1 Qc7 13. Bf4 Qd7 14. Be5 0-0-0 15. a4 Nbd5 16. Nb5 b6 17. Nc3 Nb4 18. Bc4 Bd6 19. a5 b5 20. Nxb5 cxb5 21. Qa8+ Kc7 22. Qxa7+ Kc8 23. Qxd7+ Rxd7 24. Bxb5 Rb7 25. c4 Be7 26. Ra1 Ra7 27. Rf3 Rd8 28. Ra4 1-0

[Event "Remote 4 Seasons Autumn-B email"]
[Site "Remote email"]
[Date "2013.10.15"]
[Round "?"]
[White "Koestner, Wolfgang"]
[Black "Peschen, Rainer"]
[Result "1-0"]
[WhiteElo "2389"]
[BlackElo "1612"]
[PlyCount "77"]
[EventDate "2013.??.??"]
[EventType "tourn (corr)"]
[EventRounds "10"]
[EventCountry "GER"]
[SourceTitle "Corr 2015"]
[Source "ChessBase"]
[SourceDate "2015.07.17"]
[SourceVersion "1"]
[SourceVersionDate "2015.07.17"]
[SourceQuality "1"]

1. b3 d5 2. Bb2 Bg4 3. h3 Bh5 4. Nf3 Nf6 5. e3 e6 6. d3 c5 7. g4 Bg6 8. Ne5 Bd6 9. h4 Bxe5 10. Bxe5 Nc6 11. Bb2 h6 12. Bg2 Qc7 13. h5 Bh7 14. Nd2 e5 15. Qe2 0-0-0 16. 0-0-0 Rhe8 17. Rhg1 Kb8 18. Kb1 d4 19. g5 hxg5 20. Bxc6 Qxc6 21. Rxg5 g6 22. Nc4 Qc7 23. hxg6 Bxg6 24. exd4 exd4 25. Qf3 Nh7 26. Bc1 Nxg5 27. Bxg5 Ka8 28. Bxd8 Qxd8 29. Rg1 Re6 30. Kb2 Rf6 31. Qg2 Rf5 32. a4 a6 33. Re1 Rf6 34. Re5 Rc6 35. a5 Ka7 36. Nb6 Qd6 37. Re8 Rxb6 38. axb6+ Kxb6 39. Qg5 1-0

[Event "Remote 4 Seasons Autumn-B email"]
[Site "Remote email"]
[Date "2013.10.15"]
[Round "?"]
[White "Peschen, Rainer"]
[Black "Preussner, Michael"]
[Result "0-1"]
[WhiteElo "2221"]
[BlackElo "2268"]
[PlyCount "46"]
[EventDate "2013.??.??"]
[EventType "tourn (corr)"]
[EventRounds "10"]
[EventCountry "GER"]
[SourceTitle "Corr 2015"]
[Source "ChessBase"]
[SourceDate "2015.07.17"]
[SourceVersion "1"]
[SourceVersionDate "2015.07.17"]
[SourceQuality "1"]

1. d4 d5 2. e4 dxe4 3. Nc3 Nf6 4. f3 exf3 5. Nxf3 e6 6. Bg5 Be7 7. Qd2 0-0 8. Bd3 c5 9. dxc5 Nbd7 10. Na4 e5 11. Bxf6 Nxf6 12. Nxe5 Qc7 13. Qc3 Nd7 14. Nf3 Bf6 15. Qb4 Re8+ 16. Kf1 Ne5 17. Qe4 g6 18. Qf4 Bg7 19. Re1 Bd7 20. Re2 Rac8 21. b3 Re6 22. Qh4 Rce8 23. Nxe5 Rxe5 0-1

[Event "Remote 4 Seasons Autumn-B email"]
[Site "Remote email"]
[Date "2013.10.15"]
[Round "?"]
[White "Peschen, Rainer"]
[Black "Wittal, Werner"]
[Result "0-1"]
[WhiteElo "1612"]
[BlackElo "2371"]
[PlyCount "82"]
[EventDate "2013.??.??"]
[EventType "tourn (corr)"]
[EventRounds "10"]
[EventCountry "GER"]
[SourceTitle "Corr 2015"]
[Source "ChessBase"]
[SourceDate "2015.07.17"]
[SourceVersion "1"]
[SourceVersionDate "2015.07.17"]
[SourceQuality "1"]

1. d4 Nf6 2. f3 d5 3. e4 dxe4 4. Nc3 exf3 5. Nxf3 c6 6. Bd3 Bg4 7. 0-0 e6 8. Be3 Nbd7 9. Qe1 Bxf3 10. Rxf3 Qc7 11. Qh4 0-0-0 12. a4 h6 13. a5 g5 14. Qe1 Ng4 15. g3 f5 16. a6 b6 17. Kg2 Bg7 18. Bg1 Rhe8 19. Bc4 Kb8 20. Rd1 Ngf6 21. Bb3 Nf8 22. Qe2 f4 23. Rff1 Ng6 24. Rfe1 e5 25. Qd3 Nf8 26. Bf2 exd4 27. Rxe8 Rxe8 28. Bxd4 Ng4 29. Bg1 Ne5 30. Qf5 Rd8 31. Bd4 Nfg6 32. Kh1 Ne7 33. Bxe5 Rxd1+ 34. Nxd1 Nxf5 35. Bxc7+ Kxc7 36. gxf4 gxf4 37. c3 b5 38. Bc2 Ne7 39. Kg2 Kb6 40. Kf3 Nd5 41. Bb3 Kxa6 0-1

[Event "Remote S5E No Engine Pyramide email"]
[Site "Remote email"]
[Date "2013.09.22"]
[Round "?"]
[White "Peschen, Rainer"]
[Black "Neumann, Andreas"]
[Result "0-1"]
[WhiteElo "2221"]
[BlackElo "2164"]
[PlyCount "28"]
[EventDate "2013.??.??"]
[EventType "tourn (corr)"]
[EventRounds "6"]
[EventCountry "GER"]
[SourceTitle "Corr 2015"]
[Source "ChessBase"]
[SourceDate "2015.07.17"]
[SourceVersion "1"]
[SourceVersionDate "2015.07.17"]
[SourceQuality "1"]

1. d4 Nf6 2. f3 c5 3. d5 d6 4. e4 e6 5. c4 exd5 6. cxd5 g6 7. Nc3 Bg7 8. Bd3 0-0 9. Nge2 Nbd7 10. 0-0 a6 11. Bg5 Ne5 12. Qd2 Nxd3 13. Qxd3 b5 14. a3 Qb6 0-1

[Event "Remote Federal-ch email"]
[Site "Remote email"]
[Date "2013.09.11"]
[Round "?"]
[White "Mantau, Jan"]
[Black "Peschen, Rainer"]
[Result "0-1"]
[WhiteElo "1992"]
[BlackElo "2146"]
[PlyCount "38"]
[EventDate "2013.??.??"]
[EventType "swiss (corr)"]
[EventRounds "12"]
[EventCountry "GER"]
[SourceTitle "Corr 2015"]
[Source "ChessBase"]
[SourceDate "2015.07.17"]
[SourceVersion "1"]
[SourceVersionDate "2015.07.17"]
[SourceQuality "1"]

1. e4 e5 2. Nf3 Nc6 3. Bc4 Nf6 4. d3 Bc5 5. Bg5 d6 6. h3 Be6 7. Nbd2 0-0 8. c3 h6 9. Be3 Bxe3 10. fxe3 Bxc4 11. Nxc4 d5 12. exd5 Qxd5 13. e4 Nxe4 14. Ncxe5 Ng3 15. Nxc6 Qxc6 16. Rg1 Rfe8+ 17. Kd2 Re2+ 18. Kc1 Qb6 19. b3 Qc5 0-1